Statistics for Cities Chain #2

Click here to take the quiz!

General Stats

  • This quiz has been taken 25,589 times
  • The average score is 14 of 20

Answer Stats

Hint City % Correct
Capital of NorwayOslo
97%
"The Motor City"Detroit
89%
Has an acropolisAthens
83%
Where BMW is headquarteredMunich
83%
Has Germany's biggest portHamburg
81%
Largest city in ScotlandGlasgow
81%
Capital of AfghanistanKabul
80%
Capital of Burgundy.
It's famous for mustard.
Dijon
79%
Where Robin Hood battled a sheriffNottingham
77%
Where Elvis livedMemphis
76%
Dutch city with the busiest port in EuropeRotterdam
75%
Home to the world's busiest
train station
Tokyo
74%
85% of this Vistula city was
destroyed in WWII
Warsaw
72%
Biggest French-speaking Swiss cityGeneva
66%
Polish city once the free city of DanzigGdansk
58%
Egyptian city called the world's
greatest open-air museum
Luxor
57%
Place to see a scholarly donOxford
56%
Capital of ManitobaWinnipeg
55%
Name of 34 places in the U.S.Springfield
46%
One of the three EU capitalsStrasbourg
41%

Score Distribution

Percentile by Number Answered

Percent of People with Each Score

Your Score History

You have not taken this quiz